000 01077cam a22003137a 4500
001 17076909
005 20170105102345.0
008 111209s2011 caua 001 0 eng d
010 _a 2011293633
020 _a9781449389697
020 _a1449389694 (pbk.)
035 _a(OCoLC)ocn747586666
040 _aORX
_cORX
_dCOO
_dYDXCP
_dDLC
042 _alccopycat
050 0 0 _aQA76.76.A65
_bP76 2011
082 0 4 _a005.276 MED
_222
245 0 0 _aProgramming Android
_cZigurd Mednieks
260 _aSebastopol, Calif. :
_bO'Reilly,
_c2011.
300 _axvi, 482 p. :
_bill. ;
_c24 cm.
500 _aIncludes index.
500 _a"Java programming for the new generation of mobile devices"--Cover.
630 0 0 _aAndroid (Electronic resource)
650 0 _aApplication software
_xDevelopment.
650 0 _aMobile computing.
700 1 _aMednieks, Zigurd R.
906 _a7
_bcbc
_ccopycat
_d2
_encip
_f20
_gy-gencatlg
942 _2ddc
_cBK
999 _c11655
_d11655